[Event "MCRE_KT49"]
[Site "?"]
[Date "2008.??.??"]
[Round "?"]
[White "Chlubna, Josef"]
[Black "Dojcinovic, Miroslav"]
[Result "0-1"]
[WhiteElo "1616"]
[BlackElo "1574"]
[PlyCount "38"]
[EventDate "2008.??.??"]
[EventType "corr"]
[EventRounds "2"]

1. e4 e5 2. Nf3 Nf6 3. Nxe5 d6 4. Nf3 Nxe4 5. d3 Nf6 6. Bg5 Be7 7. h4 h6 8.
Bxf6 Bxf6 9. Qe2+ Kd7 10. Nbd2 Re8 11. Ne4 Bxb2 12. Rb1 Bc3+ 13. Kd1 f5 14. Rb3
fxe4 15. Rxc3 Qf6 16. d4 exf3 17. Qxf3 Qxd4+ 18. Rd3 Qa1+ 19. Kd2 Qe1# 0-1

[Event "MCRE_KT49"]
[Site "?"]
[Date "2008.??.??"]
[Round "?"]
[White "Chlubna, Josef"]
[Black "Hlavacek, Ladislav"]
[Result "0-1"]
[WhiteElo "1616"]
[BlackElo "2022"]
[PlyCount "48"]
[EventDate "2008.??.??"]
[EventType "corr"]
[EventRounds "2"]

1. d4 Nf6 2. Nf3 g6 3. Nc3 d5 4. Qd3 Bg7 5. Bf4 O-O 6. Nb5 Na6 7. e3 c6 8. Nc3
Qb6 9. b3 Ne4 10. Nxe4 dxe4 11. Qxe4 Nb4 12. Bd3 Bf5 13. Qxe7 Bxd3 14. cxd3
Nxd3+ 15. Kf1 Nxf4 16. exf4 Rfe8 17. Qh4 Bxd4 18. Ng5 h6 19. Qxh6 Re7 20. Rd1
Qb5+ 21. Kg1 Qe2 22. h3 Qxf2+ 23. Kh2 Qxf4+ 24. g3 Re2# 0-1

[Event "MCRE_KT49"]
[Site "?"]
[Date "2008.??.??"]
[Round "?"]
[White "Chlubna, Josef"]
[Black "Lasik, Petr"]
[Result "0-1"]
[WhiteElo "1616"]
[BlackElo "1824"]
[PlyCount "44"]
[EventDate "2008.??.??"]
[EventType "corr"]
[EventRounds "2"]

1. e4 e5 2. Nf3 Nc6 3. Bb5 a6 4. Ba4 Nf6 5. Nc3 Be7 6. Bxc6 dxc6 7. Nxe5 Nxe4
8. Nxe4 Qd4 9. d3 Qxe5 10. h3 f5 11. Qe2 fxe4 12. f4 Bh4+ 13. Kd1 Qe7 14. dxe4
O-O 15. Qf3 Be6 16. b3 Rad8+ 17. Bd2 Qd6 18. Qe3 Rxf4 19. Ke2 Rf2+ 20. Kd1
Rxd2+ 21. Kc1 Qa3+ 22. Kb1 Rd1+ 0-1

[Event "MCRE_KT49"]
[Site "?"]
[Date "2008.??.??"]
[Round "?"]
[White "Chlubna, Josef"]
[Black "Pech, Jaroslav"]
[Result "0-1"]
[WhiteElo "1616"]
[BlackElo "1940"]
[PlyCount "40"]
[EventDate "2008.??.??"]
[EventType "corr"]
[EventRounds "2"]

1. d4 Nf6 2. Nc3 d5 3. Nf3 g6 4. e3 Bg7 5. Bd3 O-O 6. Bd2 Nc6 7. a3 Bg4 8. h3
Bxf3 9. Qxf3 e5 10. dxe5 Nxe5 11. Qf4 Nh5 12. Qb4 d4 13. exd4 Nxd3+ 14. cxd3
Re8+ 15. Be3 Ng3 16. Rg1 c5 17. Qxc5 Bxd4 18. Qd5 Bxc3+ 19. bxc3 Qxd5 20. Rd1
Qa2 0-1

[Event "MCRE_KT49"]
[Site "?"]
[Date "2008.??.??"]
[Round "?"]
[White "Dojcinovic, Miroslav"]
[Black "Chlubna, Josef"]
[Result "1-0"]
[WhiteElo "1574"]
[BlackElo "1616"]
[PlyCount "45"]
[EventDate "2008.??.??"]
[EventType "corr"]
[EventRounds "2"]

1. d4 d5 2. c4 c6 3. Nf3 Nf6 4. Nc3 e6 5. e3 Bb4 6. Bd3 Qa5 7. Bd2 Bxc3 8. Bxc3
Qc7 9. Ne5 Nbd7 10. O-O b6 11. Rc1 Bb7 12. Qf3 dxc4 13. Nxc4 c5 14. Qxb7 Qxb7
15. Nd6+ Kd8 16. Nxb7+ Kc7 17. Nd6 Kxd6 18. Rfd1 Nd5 19. dxc5+ bxc5 20. Bxg7
Rhg8 21. Bc3 f5 22. e4 Nc7 23. Bb5+ 1-0

[Event "MCRE_KT49"]
[Site "?"]
[Date "2008.??.??"]
[Round "?"]
[White "Dojcinovic, Miroslav"]
[Black "Hlavacek, Ladislav"]
[Result "0-1"]
[WhiteElo "1574"]
[BlackElo "2022"]
[PlyCount "84"]
[EventDate "2008.??.??"]
[EventType "corr"]
[EventRounds "2"]

1. e4 c5 2. Nf3 d6 3. d4 cxd4 4. Nxd4 Nf6 5. Nc3 g6 6. Be3 Bg7 7. f3 O-O 8. Qd2
Nc6 9. Bc4 Ne5 10. Bb3 Bd7 11. h4 h5 12. O-O-O Rb8 13. Bg5 b5 14. Ncxb5 Bxb5
15. Nxb5 Rxb5 16. Qe2 Qb8 17. Be3 Qb7 18. Kb1 Rb8 19. Rd4 Nfd7 20. Rd5 Rxd5 21.
exd5 a5 22. Bd4 Nc5 23. Bxc5 dxc5 24. f4 Nd7 25. c4 Qc7 26. g3 a4 27. Bxa4
Rxb2+ 28. Qxb2 Bxb2 29. Kxb2 Nf6 30. Bc2 Qb6+ 31. Kc1 Qb4 32. Rd1 Qxc4 33. d6
exd6 34. Rxd6 Nd5 35. Kb1 Qb4+ 36. Bb3 Qe1+ 37. Kc2 Qc3+ 38. Kb1 Qd3+ 39. Kc1
c4 40. Rd8+ Kg7 41. g4 cxb3 42. axb3 hxg4 0-1

[Event "MCRE_KT49"]
[Site "?"]
[Date "2008.??.??"]
[Round "?"]
[White "Dojcinovic, Miroslav"]
[Black "Lasik, Petr"]
[Result "1-0"]
[WhiteElo "1574"]
[BlackElo "1824"]
[PlyCount "89"]
[EventDate "2008.??.??"]
[EventType "corr"]
[EventRounds "2"]

1. e4 e5 2. Nf3 Nc6 3. Bb5 a6 4. Ba4 Nf6 5. O-O Be7 6. Re1 b5 7. Bb3 d6 8. c3
O-O 9. h3 Bb7 10. d4 Na5 11. Bc2 Nc6 12. Nbd2 Re8 13. Nb3 exd4 14. cxd4 Nb4 15.
Na5 Nxc2 16. Nxb7 Qc8 17. Qxc2 Qxb7 18. d5 Nd7 19. Be3 Bf6 20. Rac1 Rac8 21. b4
Nb8 22. Bd4 Bxd4 23. Nxd4 Nd7 24. Re3 Ne5 25. Rg3 Kh8 26. Qd2 Qb6 27. Rxg7 Rg8
28. Rxg8+ Rxg8 29. Qc3 Rg6 30. Nf5 h5 31. Kf1 Kh7 32. Qxc7 Qxc7 33. Rxc7 Rf6
34. Ra7 Nc4 35. Ke2 Nb6 36. Nd4 Nc4 37. Rxa6 Rg6 38. g4 hxg4 39. hxg4 Rxg4 40.
f3 Rg2+ 41. Ke1 Ne5 42. Kd1 Rb2 43. a3 Ra2 44. Nxb5 Nxf3 45. Nxd6 1-0

[Event "MCRE_KT49"]
[Site "?"]
[Date "2008.??.??"]
[Round "?"]
[White "Dojcinovic, Miroslav"]
[Black "Pech, Jaroslav"]
[Result "0-1"]
[WhiteElo "1574"]
[BlackElo "1940"]
[PlyCount "76"]
[EventDate "2008.??.??"]
[EventType "corr"]
[EventRounds "2"]

1. e4 c5 2. Nf3 Nc6 3. d4 cxd4 4. Nxd4 Nf6 5. Nc3 e5 6. Ndb5 d6 7. Bg5 a6 8.
Na3 b5 9. Bxf6 gxf6 10. Nd5 f5 11. exf5 Bxf5 12. c3 Bg7 13. Nc2 Be6 14. g3 O-O
15. Bg2 a5 16. O-O f5 17. Qh5 b4 18. Nce3 bxc3 19. bxc3 Kh8 20. Rab1 Rb8 21. a4
Bf7 22. Qe2 f4 23. Nc4 Qd7 24. Rxb8 Rxb8 25. Rd1 Nd8 26. Be4 Bg8 27. Nxa5 Qxa4
28. Nc4 Qb5 29. Rd2 Qc5 30. Qd3 Ne6 31. Ne7 d5 32. Nxd5 Ng5 33. gxf4 exf4 34.
Rd1 Rb5 35. Ndb6 f3 36. Bf5 Qxf5 37. Qxf5 Rxf5 38. Rd3 Rc5 0-1

[Event "MCRE_KT49"]
[Site "?"]
[Date "2008.??.??"]
[Round "?"]
[White "Hlavacek, Ladislav"]
[Black "Chlubna, Josef"]
[Result "1-0"]
[WhiteElo "2022"]
[BlackElo "1616"]
[PlyCount "43"]
[EventDate "2008.??.??"]
[EventType "corr"]
[EventRounds "2"]

1. f4 e5 2. Nf3 d6 3. Nc3 Nc6 4. e4 a6 5. d4 Bg4 6. d5 Bxf3 7. Qxf3 Nd4 8. Qd3
Nh6 9. Ne2 Nxe2 10. Bxe2 c6 11. O-O cxd5 12. exd5 Be7 13. fxe5 dxe5 14. Bxh6
gxh6 15. Kh1 f6 16. Bh5+ Kf8 17. Rf3 Bc5 18. Raf1 Ke7 19. Rxf6 Qd6 20. Qf5 Kd8
21. Rxd6+ Bxd6 22. Qe6 1-0

[Event "MCRE_KT49"]
[Site "?"]
[Date "2008.??.??"]
[Round "?"]
[White "Hlavacek, Ladislav"]
[Black "Dojcinovic, Miroslav"]
[Result "1-0"]
[WhiteElo "2022"]
[BlackElo "1574"]
[PlyCount "135"]
[EventDate "2008.??.??"]
[EventType "corr"]
[EventRounds "2"]

1. f4 d5 2. Nf3 g6 3. Nc3 Bg7 4. e3 Nf6 5. d4 O-O 6. Bd2 c5 7. dxc5 Nbd7 8. Na4
Ne4 9. Bb4 Ndf6 10. Ne5 Qc7 11. Bb5 Bf5 12. O-O Rad8 13. Qe1 Rb8 14. Rd1 Rfc8
15. c4 e6 16. cxd5 exd5 17. Kh1 Be6 18. b3 Bf5 19. Bd3 Be6 20. Qh4 h6 21. Bb5
Bf5 22. Qe1 Ra8 23. Kg1 Be6 24. Rd4 Rab8 25. Bd3 Kh7 26. h3 Kg8 27. Rf3 b6 28.
c6 a5 29. Ba3 Re8 30. Bb5 Rbd8 31. Rd1 Nd6 32. Be2 Nfe4 33. Rc1 Nf5 34. g4 Nfd6
35. Bb2 b5 36. Nc5 Nxc5 37. Rxc5 b4 38. Bd4 Ne4 39. Rc2 Ra8 40. Bd3 Bc8 41. Bb5
Re7 42. Rf1 Be6 43. Qc1 Ng3 44. Re1 Rc8 45. Bd3 Kh7 46. Rd1 Rd8 47. Rc5 Ne4 48.
Rb5 Rb8 49. Rxb8 Qxb8 50. Bxe4 dxe4 51. Qc5 Qd8 52. Qc2 Re8 53. c7 Qh4 54. Kg2
Bxe5 55. Bxe5 Rc8 56. Rf1 f5 57. g5 hxg5 58. Bf6 Rf8 59. Bxg5 Qh5 60. Qd2 Rg8
61. Qd6 Bc8 62. Rf2 Re8 63. Qd8 Rg8 64. Kh2 Ba6 65. Rd2 Rg7 66. Qf8 Bc8 67.
Qxc8 Qf3 68. Qd8 1-0

[Event "MCRE_KT49"]
[Site "?"]
[Date "2008.??.??"]
[Round "?"]
[White "Hlavacek, Ladislav"]
[Black "Pech, Jaroslav"]
[Result "1/2-1/2"]
[WhiteElo "2022"]
[BlackElo "1940"]
[PlyCount "67"]
[EventDate "2008.??.??"]
[EventType "corr"]
[EventRounds "2"]

1. c4 e5 2. Nc3 Nc6 3. g3 f5 4. Nf3 Nf6 5. Bh3 e4 6. Nh4 g6 7. O-O d5 8. cxd5
Nxd5 9. d3 Be7 10. Ng2 exd3 11. Nxd5 dxe2 12. Nxc7+ Qxc7 13. Qxe2 Qe5 14. Be3
Be6 15. Nf4 Bf7 16. Rfd1 O-O 17. Rd7 Bf6 18. Bg2 Rab8 19. a4 a5 20. Nd5 Bg7 21.
Nc3 Rfd8 22. Rad1 Qe8 23. R7d2 Rxd2 24. Rxd2 Rd8 25. Rxd8 Qxd8 26. Qb5 Bxc3 27.
bxc3 Qd1+ 28. Qf1 Qxa4 29. h3 Bc4 30. Qc1 Qb3 31. Bh6 a4 32. Qe3 Kf7 33. Bxc6
bxc6 34. Qa7+ 1/2-1/2

[Event "MCRE_KT49"]
[Site "?"]
[Date "2008.??.??"]
[Round "?"]
[White "Lasik, Petr"]
[Black "Chlubna, Josef"]
[Result "1-0"]
[WhiteElo "1824"]
[BlackElo "1616"]
[PlyCount "49"]
[EventDate "2008.??.??"]
[EventType "corr"]
[EventRounds "2"]

1. d4 d5 2. c4 c6 3. cxd5 cxd5 4. Nc3 e6 5. Nf3 Nf6 6. Bg5 h6 7. Bh4 Qa5 8.
Bxf6 gxf6 9. Qa4+ Nc6 10. Qxa5 Nxa5 11. e3 Bd7 12. Bd3 a6 13. O-O Bd6 14. Rfc1
e5 15. Nxd5 exd4 16. Nxf6+ Ke7 17. Nxd7 Kxd7 18. Nxd4 Rhg8 19. Bf5+ Ke7 20. Bh3
Rg5 21. g3 Rag8 22. f4 R5g6 23. Nf5+ Ke8 24. Rc8+ Kd7 25. Nxh6+ 1-0

[Event "MCRE_KT49"]
[Site "?"]
[Date "2008.??.??"]
[Round "?"]
[White "Lasik, Petr"]
[Black "Dojcinovic, Miroslav"]
[Result "0-1"]
[WhiteElo "1824"]
[BlackElo "1574"]
[PlyCount "94"]
[EventDate "2008.??.??"]
[EventType "corr"]
[EventRounds "2"]

1. d4 d5 2. c4 e6 3. Nf3 Nf6 4. Bg5 Be7 5. e3 h6 6. Bf4 O-O 7. Bd3 Nh5 8. Bg3
dxc4 9. Bxc4 c5 10. O-O Nxg3 11. hxg3 Nc6 12. dxc5 Qxd1 13. Rxd1 Bxc5 14. Nbd2
Bxe3 15. fxe3 a6 16. a3 Ne7 17. Nf1 b5 18. Be2 Nd5 19. Ne5 Bb7 20. Bf3 Rac8 21.
Rac1 Ba8 22. b4 Nc3 23. Rxc3 Rxc3 24. Rd3 Rxd3 25. Nxd3 Bxf3 26. gxf3 Rd8 27.
Nc5 Kf8 28. Nxa6 Ke7 29. Nc5 Ra8 30. Nd2 Rxa3 31. Ndb3 Kf8 32. Kg2 Ra4 33. Nxa4
bxa4 34. Na1 a3 35. Kf2 Ke7 36. Ke2 h5 37. Nc2 a2 38. f4 f6 39. e4 g5 40. e5
gxf4 41. exf6+ Kxf6 42. gxf4 Ke7 43. Kf3 Kd6 44. Kg3 Kd5 45. Kh4 Kc4 46. b5
Kxb5 47. Kxh5 Kc4 0-1

[Event "MCRE_KT49"]
[Site "?"]
[Date "2008.??.??"]
[Round "?"]
[White "Lasik, Petr"]
[Black "Hlavacek, Ladislav"]
[Result "0-1"]
[WhiteElo "1824"]
[BlackElo "2022"]
[PlyCount "68"]
[EventDate "2008.??.??"]
[EventType "corr"]
[EventRounds "2"]

1. d4 Nf6 2. c4 e6 3. Nf3 d5 4. Bg5 Bb4+ 5. Nc3 O-O 6. cxd5 exd5 7. e3 h6 8.
Bh4 c5 9. Be2 c4 10. O-O g5 11. Nxg5 hxg5 12. Bxg5 Be6 13. f4 Bxc3 14. bxc3 Bf5
15. Rf3 Nbd7 16. Rg3 Kh8 17. Bg4 Bxg4 18. Rxg4 Qa5 19. Rh4+ Kg8 20. Qe1 Ne4 21.
Be7 f5 22. Bb4 Qa6 23. Bxf8 Rxf8 24. Rh5 Qg6 25. Qh4 Kg7 26. Rf1 Ndf6 27. Rg5
Nxg5 28. fxg5 Ne4 29. Qf4 Kg8 30. Qc7 Qxg5 31. Rf3 Qh4 32. g3 Qg4 33. Kg2 Ng5
34. Rf2 Qe4+ 0-1

[Event "MCRE_KT49"]
[Site "?"]
[Date "2008.??.??"]
[Round "?"]
[White "Lasik, Petr"]
[Black "Pech, Jaroslav"]
[Result "0-1"]
[WhiteElo "1824"]
[BlackElo "1940"]
[PlyCount "52"]
[EventDate "2008.??.??"]
[EventType "corr"]
[EventRounds "2"]

1. c4 c5 2. Nc3 Nc6 3. d3 Nf6 4. Nf3 g6 5. g3 Bg7 6. Bg2 O-O 7. O-O d6 8. a3
Bd7 9. Rb1 a5 10. Bd2 Rb8 11. Nb5 Qb6 12. Ng5 Nd4 13. Nxd4 cxd4 14. b4 a4 15.
Qc1 Rbc8 16. Qb2 h6 17. Nf3 e5 18. Rfc1 Rfe8 19. b5 Bf5 20. Nh4 Bg4 21. h3 Bxe2
22. Bf1 Bxf1 23. Kxf1 e4 24. Re1 d5 25. Qc1 dxc4 26. dxc4 Qe6 0-1

[Event "MCRE_KT49"]
[Site "?"]
[Date "2008.??.??"]
[Round "?"]
[White "Pech, Jaroslav"]
[Black "Chlubna, Josef"]
[Result "1-0"]
[WhiteElo "1940"]
[BlackElo "1616"]
[PlyCount "21"]
[EventDate "2008.??.??"]
[EventType "corr"]
[EventRounds "2"]

1. e4 e5 2. Nf3 Nc6 3. Bb5 a6 4. Ba4 b5 5. Bb3 Nf6 6. O-O d6 7. Ng5 Be7 8. Nxf7
Qd7 9. Nxh8 Nxe4 10. Qh5+ Kf8 11. Qf7# 1-0

[Event "MCRE_KT49"]
[Site "?"]
[Date "2008.??.??"]
[Round "?"]
[White "Pech, Jaroslav"]
[Black "Dojcinovic, Miroslav"]
[Result "1-0"]
[WhiteElo "1940"]
[BlackElo "1574"]
[PlyCount "73"]
[EventDate "2008.??.??"]
[EventType "corr"]
[EventRounds "2"]

1. d4 d5 2. c4 e6 3. Nc3 Nf6 4. Nf3 Be7 5. Bf4 O-O 6. e3 c5 7. dxc5 Bxc5 8.
cxd5 Nxd5 9. Nxd5 exd5 10. a3 Nc6 11. Bd3 Bb6 12. O-O d4 13. e4 Bg4 14. h3 Qf6
15. Bg3 Bxf3 16. Qxf3 Qxf3 17. gxf3 Na5 18. Rac1 Nb3 19. Rc2 Rac8 20. Rd1 Rfd8
21. Kg2 h6 22. e5 Nc5 23. Bf5 Rc6 24. Rc4 g6 25. Bb1 Ne6 26. Rxc6 bxc6 27. f4
f6 28. Bxg6 fxe5 29. fxe5 Kg7 30. Bf5 Kf7 31. f4 c5 32. Bd3 Nc7 33. f5 Nd5 34.
Kf3 Ne3 35. e6+ Kf6 36. Bh4+ Ke5 37. e7 1-0

[Event "MCRE_KT49"]
[Site "?"]
[Date "2008.??.??"]
[Round "?"]
[White "Pech, Jaroslav"]
[Black "Hlavacek, Ladislav"]
[Result "1/2-1/2"]
[WhiteElo "1940"]
[BlackElo "2022"]
[PlyCount "65"]
[EventDate "2008.??.??"]
[EventType "corr"]
[EventRounds "2"]

1. d4 Nf6 2. c4 e6 3. Nf3 Nc6 4. Nc3 d5 5. Bg5 Bb4 6. e3 h6 7. Bxf6 Qxf6 8. Qc2
O-O 9. a3 Bxc3+ 10. Qxc3 Re8 11. Be2 dxc4 12. O-O e5 13. d5 Ne7 14. Rfd1 Nf5
15. Qxc4 Re7 16. Nd2 Qb6 17. Qb4 Nd6 18. Qxb6 axb6 19. Nc4 Nxc4 20. Bxc4 Bf5
21. Rac1 Rd8 22. f3 e4 23. Kf2 Rd6 24. Bb3 h5 25. Bc2 Rf6 26. Rd2 g5 27. Ke2
exf3+ 28. gxf3 g4 29. Bxf5 gxf3+ 30. Kxf3 Rxf5+ 31. Ke2 Rg5 32. Rc4 Rg2+ 33.
Kd3 1/2-1/2

[Event "MCRE_KT49"]
[Site "?"]
[Date "2008.??.??"]
[Round "?"]
[White "Pech, Jaroslav"]
[Black "Lasik, Petr"]
[Result "1-0"]
[WhiteElo "1940"]
[BlackElo "1824"]
[PlyCount "59"]
[EventDate "2008.??.??"]
[EventType "corr"]
[EventRounds "2"]

1. e4 e6 2. d4 d5 3. Nd2 c5 4. exd5 Qxd5 5. Ngf3 Nf6 6. Bc4 Qd8 7. O-O cxd4 8.
Nb3 Be7 9. Qe2 O-O 10. Nbxd4 b6 11. Rd1 Qc7 12. Nb5 Qb7 13. Nd6 Bxd6 14. Rxd6
Qc7 15. Bf4 Bb7 16. Nd4 Nbd7 17. Nxe6 fxe6 18. Rxe6 Qxc4 19. Qxc4 Bd5 20. Qe2
Bxe6 21. Qxe6+ Rf7 22. Rd1 Re8 23. Qb3 Nc5 24. Qc4 g6 25. f3 Nfd7 26. Bd6 Ne6
27. Re1 Ng7 28. Rxe8+ Nxe8 29. Qc8 Ndf6 30. Be5 1-0